000
00332nam a22001457a 4500
008
181018b xxu||||| |||| 00| 0 eng d
020
_a
0385234007
041
_a
eng
080
_a
616.8
082
_a
616.8
100
_a
7
101
_a
TRU
245
_a
The complete games for the super-intelligent
_c
Fixx.J.F
942
_2
udc
_c
BK
999
_c
50117
_d
50117